000 01095nas a2200313Ia 4500
003 PE SENCICO BE
005 20251020182632.0
008 230227c99999999xx |||||||||||| ||spa||
022 _a2340-2121
040 _aPE SENCICO BE
_cPE SENCICO BE
041 _aspa
110 1 _aInfoedita Comunicación Profesional
_92377
245 1 0 _aIndustriambiente :
_bgestión medioambiental y energética /
_cInfoedita Comunicación Profesional
260 _aMadrid :
_bInfoedita ;
_c2014 -
300 _av. :
_bil. col. ;
_c30 cm.
310 _aTrimestral
500 _aDescripción basada en: N° 4, ene.-mar. 2004
650 1 0 _aMedio ambiente
_92292
650 2 0 _aPolítica ambiental
_92325
650 2 0 _aAnálisis del impacto ambiental
_91662
650 2 0 _aProtección ambiental
_9953
650 2 0 _aIndustrias
_92378
650 2 0 _aIndustria energética
_92379
650 2 0 _aPolítica energética
_92380
650 2 0 _aRecursos energéticos
_92381
866 _a2014 : No. 4 (ene.-mar.), No. 5 (abr.-jun.), No. 6 (jul.-set.), No. 7 (oct.-dic.)
910 _ahfp
_bhfp
_chfp
942 _cREV
999 _c4021
_d4021